Un contrat entre les générations demain, les retraites
Enregistré dans:
| Format: | Livre |
|---|---|
| Langue: | français |
| Publié: |
Paris
Gallimard
1991
|
| Collection: | Folio actuel
|
| Sujets: | |
| Tags: |
Pas de tags, Soyez le premier à ajouter un tag!
|
MARC
| LEADER | 00000nam$a2200000$$$4500 | ||
|---|---|---|---|
| 001 | 0116046 | ||
| 005 | 20230110101920.3 | ||
| 020 | |a 2-07-032636-5 | ||
| 041 | 0 | |a fre | |
| 044 | |a FR | ||
| 245 | 1 | 0 | |a Un contrat entre les générations |b demain, les retraites |
| 264 | 1 | |a Paris |b Gallimard |c 1991 | |
| 300 | |a 155 s. | ||
| 490 | 1 | |a Folio actuel | |
| 830 | 0 | |a Folio actuel | |
| 610 | 2 | 0 | |a dôchodky |
| 610 | 2 | 0 | |a penzie |